| 000 | 00958cam a2200241 a 4500 | ||
|---|---|---|---|
| 001 | 000005772 | ||
| 005 | 20200929151758.0 | ||
| 008 | 830414s1979 uy b f001 p spa | ||
| 040 |
_aDO-SdBNP _cDLC _dDLC |
||
| 082 |
_aU861.2 _bZ88l |
||
| 100 | 1 |
_aZorrilla de San Martín, Juan, _d1855-1931. _93845 |
|
| 245 | 1 | 3 |
_aLa leyenda patria / _cJuan Zorrilla de San Martín ; introducción de Arturo Sergio Visca ; estudio crítico de Eustaquio Tome. |
| 260 |
_aMontevideo, Uruguay : _bMinisterio de Educación y Cultura, _c1979. |
||
| 300 |
_axiv, 106 p. ; _c20 cm. |
||
| 490 | 1 | _aBiblioteca Artigas. | |
| 490 | 1 |
_aClásicos uruguayos _v164. |
|
| 650 | 4 |
_aPoesía uruguaya _ySIGLO XVIII _916340 |
|
| 650 | 4 |
_aLiteratura uruguaya _ySIGLO XVIII _916341 |
|
| 700 | 1 |
_aVisca, Arturo Sergio, _eintrod. _916277 |
|
| 700 | 1 |
_aTome, Eustaquio, _epról. _916342 |
|
| 830 | 0 |
_aBiblioteca Artigas. _pClásicos uruguayos ; _vv. 164. _916276 |
|
| 910 | _aCatalogación por copia / LC | ||
| 999 |
_c5568 _d5568 |
||